Parisankhya bigyan (Record no. 1375)

MARC details
000 -LEADER
fixed length control field 00536cam a2200205ua 4500
001 - CONTROL NUMBER
control field 1486
005 - DATE AND TIME OF LATEST TRANSACTION
control field 20260515113335.0
008 - FIXED-LENGTH DATA ELEMENTS--GENERAL INFORMATION
fixed length control field 140307n ii |||gr||||Z||||||asm
020 ## - INTERNATIONAL STANDARD BOOK NUMBER
International Standard Book Number 81-7339-062-2
040 ## - CATALOGING SOURCE
Transcribing agency MAIN
082 ## - DEWEY DECIMAL CLASSIFICATION NUMBER
Classification number 519.5
100 ## - MAIN ENTRY--PERSONAL NAME
Personal name Hazarika, Padmaloshan,
245 ## - TITLE STATEMENT
Title Parisankhya bigyan
Statement of responsibility, etc. by Padmaloshan Hazarika
250 ## - EDITION STATEMENT
Edition statement 1st.
260 ## - PUBLICATION, DISTRIBUTION, ETC.
Place of publication, distribution, etc. Dibrugarh:
Name of publisher, distributor, etc. Banalata,994.
Place of publication, distribution, etc. Guahati:
300 ## - PHYSICAL DESCRIPTION
Extent xii; 535p:
Dimensions 23cm.
653 ## - INDEX TERM--UNCONTROLLED
Uncontrolled term Probabilities & applied mathematics
653 ## - INDEX TERM--UNCONTROLLED
Uncontrolled term Parisankhya bigyan
942 ## - ADDED ENTRY ELEMENTS (KOHA)
Koha item type Books
Holdings
Withdrawn status Lost status Damaged status Not for loan Home library Current library Shelving location Date acquired Total checkouts Full call number Barcode Date last seen Copy number Price effective from Koha item type
        Naharkatiya College Library Naharkatiya College Library General stacks 09/19/2020   519.5 | HAZ 2743 09/19/2020 1 09/19/2020 Books